000 00215nam a2200097Ia 4500
005 20251222114339.0
008 251222s1900||||xx |||||||||||||| ||spa||
082 _aDVD0160/J46/2005
245 0 _aAmor eterno:
942 _cDVD
999 _c783
_d783